| 000 | 00425cam a22001457a 4500 | ||
|---|---|---|---|
| 008 | 180718b2002 xxu||||| |||| 00| 0 eng d | ||
| 020 | _a8170998670 | ||
| 082 | _aB2 P273 | ||
| 100 | _aPatil, S.H. | ||
| 245 |
_aCommunity dominance and political modernisation: the lingayats _cby S.H. Patil |
||
| 260 |
_aNew Delhi _bMittal _c2002 |
||
| 300 | _a449p. | ||
| 650 | _aKarnataka (India) --History. | ||
| 650 | _aLingayats --History | ||
| 999 |
_c400876 _d400876 |
||